000 00723nam a2200265Ia 4500
005 20260302114809.0
008 008 260114s9999 xx 000 0 eng d
020 _a9781666996630
037 _aTextbook
040 _aCRL
040 _beng
040 _cCRL
041 _2eng
041 _aeng
084 _qCRL
100 _aAsbjørn Grønstad & Lene M. Johannessen
_91119790
245 0 _aMicrodystopias Aesthetics and Ideologies in a Broken Moment
260 _bBloomsbury
260 _bLexington Books
260 _c2022
650 _aLiterary Studies
856 _uhttps://doi.org/10.5040/9781666996630?locatt=label:secondary_bloomsburyCollections
942 _cEBOOK
999 _c1683872
_d1683872